000
00228 a2200085 4500
020
_a
9781840002393
100
_a
Lesley Jackson
245
_a
Robin and Lucienne Day: Pioneers of Contemporary Design
260
_b
Mitchell Beazley
_c
2001
999
_c
13639
_d
13639